000 00259nam a22001217a 4500
008 170419b xxu||||| |||| 00| 0 eng d
041 _aALB
080 _a573
100 _a11
101 _aSHM
245 _aEMBRIOLOGJIA E NJERIUT
_cCICO, S
942 _2udc
_cBK
999 _c11235
_d11235